Personnages Marvel par skin Fortnite #1 - Statistiques

Statistiques générales
  • Ce quiz a été pris 310 fois
  • Le résultat moyen est 13 sur 16
Statistiques - réponses
Par images Réponse % Correct
Spider-Man
99%
Deadpool
98%
Hulk
97%
Captain America
96%
Groot
95%
Wolverine
95%
Thor
94%
Docteur Strange
91%
Loki
87%
Tony Stark
82%
Black Widow
75%
Captain Marvel
74%
Nick Fury
69%
Docteur Fatalis
68%
Mystique
64%
Surfer d'argent
63%
Aucun quiz correspondant
Distribution des résultats
% des personnes avec chaque résultat
Percentile par nombre de réponses
Votre historique - résultats
Vous n’avez pas pris ce quiz